03179cam a22002174a 4500020002900000041000800029082001300037100002100050245007900071260006400150300001900214505236600233650001902599650002602618856006802644856006802712856006802780942000702848952008902855999001702944 a9780521879668 (hardback) aENG00a212bNAG1 aNagasawa, Yujin.10aGod and phenomenal consciousness : A Novel Approach to Knowledge Arguments aCambridge ;aNew York :bCambridge University Press,c2008. axiii, 162 p. ;0 aThe structure of knowledge arguments -- The structure of knowledge arguments -- Jackson's Mary argument -- Nagel's bat argument -- Defining a knowledge argument -- The argument from concept possession -- Grim's argument from knowledge de se -- Why they are knowledge arguments -- Nontheoretical physicalism -- Knowledge arguments in the philosophy of religion -- Grim's argument from knowledge de se -- Castañeda's and Abbruzzese's objections to the argument from knowledge de se -- First principle : divine omniscience and epistemic powers -- Second principle : divine omnipotence and necessary impossibilities -- Applying the principles -- Possible objections -- Aplication of my strategy -- The argument from concept possession (1) -- Historical background -- The structure of the argument from concept possession -- Objections to (1) -- Objections to (2) -- Objections to (3) -- Objections to (4) -- The argument from concept possession (2) -- A new objection to (4) -- Amending (4) -- Objections to the new argument -- Knowledge arguments in the philosophy of mind -- Nagel's bat argument -- Argument 1 -- Objections to argument 1 -- Argument 2 -- The thomistic principle -- The revised thomistic principle -- Thomas vs. Thomas : applying the revised thomistic principle -- Possible objections -- Jackson's Mary argument (1) -- The Mary argument against physicalism -- The parity of reasons objection -- The Mary argument against dualism -- Replies from dualists -- Reductive dualism and non-reductive dualism -- Application of the parity of reasons objection : Chalmers' panprotopsychism -- Jackson's Mary argument (2) -- The Mary argument again -- The argument from concept possession again -- The structural similarity between the mary argument and the argument from -- Concept possession -- The crucial dissimilarity between the mary argument and the argument from -- Concept possession -- Mary's ignorance -- Knowing the fundamental features of physical entities and properties -- Knowledge arguments and nontheoretical physicalism -- Knowledge arguments and nontheoretical physicalism -- Plausibility of (i) -- Pausibility of (ii) -- Pausibility of (iii) -- Nontheoretical physicalism and the mystery of phenomenal consciousness -- Nontheoretical physicalism and the existence of God -- Knowledge arguments and measuring the size of omniscience. 0aConsciousness. 0aKnowledge, Theory of.42uhttp://www.loc.gov/catdir/enhancements/fy0803/2007030675-b.html42uhttp://www.loc.gov/catdir/enhancements/fy0803/2007030675-d.html41uhttp://www.loc.gov/catdir/enhancements/fy0803/2007030675-t.html cBK 00104070aHMIbHMIcGENd2019-10-24l0o212 NAGp25671r2019-10-24w2026-01-16yBK c22786d22786